000 00588cam a2200205 4500500
005 20260405003126.0
041 _afre
042 _adc
100 1 0 _aMorel, François
_eauthor
245 0 0 _a“Connais-toi toi-même”
260 _c2020.
500 _a26
690 _aConnaissance
690 _aFrançois Morel
690 _aIdentité
690 _aSocrate
690 _aSoi
786 0 _nPhilosophie magazine | 140 | 7 | 2020-07-01 | p. 68-68 | 1951-1787
856 4 1 _uhttps://shs.cairn.info/magazine-philosophie-magazine-2020-7-page-68?lang=fr&redirect-ssocas=7080
999 _c2064614
_d2064614